Indonesian voice and A-bar movement

Bibliographic Details
Published in:Formal issues in Austronesian linguistics, ed. by Ileana Paul, Vivianne Phillips and Lisa Travis, Dordrecht [etc.], 2000, p. 195-214 (Studies in natural language and linguistic theory)
Main Author: Voskuil, Jan
Content type: Article
Published: 2000
Source:MPIPL_cat

MARC

LEADER 00000naa a2200000 u 4500
001 PL0092937
003 PLI01000000000000000090561
005 00000000000000.0
008 ||| u
100 1 |a Voskuil, Jan 
245 0 0 |a Indonesian voice and A-bar movement  |c Jan Voskuil 
260 |c 2000 
773 0 8 |t Formal issues in Austronesian linguistics  |a ed. by Ileana Paul, Vivianne Phillips and Lisa Travis  |d Dordrecht [etc.], 2000  |g p. 195-214  |k Studies in natural language and linguistic theory  |w MPIPL_cat.PL0092230  |z 0-7923-6068-0  |i In: 
952 |j 2000  |h p. 195-214 
996 |a Aufsatz 
997 |a book chapter